header

IBM Tivoli storage manager, version, 5.1 technical guide (Record no. 107136)

MARC details
000 -LEADER
fixed length control field 01463nam a2200373Ia 4500
082 04 - DEWEY DECIMAL CLASSIFICATION NUMBER
Classification number 005.8/6
245 00 - TITLE STATEMENT
Title IBM Tivoli storage manager, version, 5.1 technical guide
260 ## - PUBLICATION, DISTRIBUTION, ETC. (IMPRINT)
Place of publication San Jose, CA :
Name of publisher IBM International Technical Support Organization,
Year of publication c2002.
300 ## - PHYSICAL DESCRIPTION
Number of Pages xviii, 348 p. :
Other physical details ill.
490 1# - SERIES STATEMENT
Series statement IBM redbooks
500 ## - GENERAL NOTE
General note "June 2002."
General note "SG24-6554-00."
650 #0 - SUBJECT ADDED ENTRY--TOPICAL TERM
Topical Term Electronic data processing
Topical Term Data recovery (Computer science)
700 1# - ADDED ENTRY--PERSONAL NAME
Personal name Kadleck, Barry.
856 40 - ELECTRONIC LOCATION AND ACCESS
Uniform Resource Identifier http://site.ebrary.com/lib/rucke/Doc?id=10112734

No items available.

© 2026 Rongo University
Contact us: librarian | system librarian | Rongo university